| 000 | 00843nam a22001937a 4500 | ||
|---|---|---|---|
| 005 | 20250121174259.0 | ||
| 010 | _aHIN-129311 | ||
| 020 |
_a9788190395830 _c500.00 |
||
| 035 | _aHN-101657 | ||
| 037 | _bDBAD | ||
| 082 | _a823.083 | ||
| 100 |
_aभारद्वाज, हरि _976857 |
||
| 245 |
_aसत्य का साक्षात्कार : मेरी आध्यात्मिक यात्रा / _cहरि भारद्वाज |
||
| 250 | _aप्रथम | ||
| 260 |
_aदिल्ली _bरवि प्रकाशन _c2022 |
||
| 270 |
_aबी-1/37 रमेश एन्क्लेव, सेक्टर-21, रोहिणी _bदिल्ली _e110086 |
||
| 300 |
_a225पृ. _c22 सेमी (सजिल्द) |
||
| 942 |
_2ddc _cHN _h823.083 _mभारद्वा |
||
| 999 |
_c208664 _d208664 |
||